Country vs Subdivision Population - Statistics

General Stats
  • This quiz has been taken 1,421 times
    35 since last reset
  • The average score is 12 of 20
Answer Stats
Question Answer % Correct
Belarus or Federal City of Moscow, Russia? Moscow
85%
Indonesia or Uttar Pradesh, India? Indonesia
79%
Laos or Hanoi Municipality, Vietnam? Hanoi
76%
Paraguay or Paraná, Brazil? Paraná
76%
Taiwan or Shanghai, China? Shanghai
74%
Syria or Baghdad Governorate, Iraq? Syria
74%
Japan or Shandong, China? Japan
71%
Nepal or Assam, India? Assam
68%
Spain or England, United Kingdom? England
68%
New Zealand or Victoria, Australia? Victoria
68%
Peru or Texas, United States? Peru
62%
Zimbabwe or Gauteng, South Africa? Zimbabwe
62%
Belgium or Île-de-France, France? Île-de-France
59%
Argentina or State of São Paulo, Brazil? Argentina
53%
Netherlands or North Rhine-Westphalia, Germany? Netherlands
47%
Switzerland or Lombardy, Italy? Lombardy
44%
South Korea or Liaoning, China? South Korea
44%
Cameroon or Lagos State, Nigeria? Cameroon
32%
Canada or California, United States? Canada
32%
Uzbekistan or Xinjiang, China? Uzbekistan
32%
No matching quizzes found
Score Distribution
Percent of People with Each Score
Percentile by Number Answered
Your Score History
You have not taken this quiz since the last reset